[Event "Mittelrhein Verbandsliga-M 16/17"]
[Site "Nordrheinwestfalen"]
[Date "2017.02.19"]
[Round "8.1"]
[White "Krug, Kevin"]
[Black "Merkin, German"]
[Result "1-0"]
[WhiteElo "2157"]
[BlackElo "1802"]
[PlyCount "69"]
[EventDate "2016.09.11"]
[EventType "team-tourn"]
[EventRounds "11"]
[EventCountry "GER"]
[SourceTitle "EXT 2022"]
[Source "ChessBase"]
[SourceDate "2021.10.06"]
[SourceVersion "1"]
[SourceVersionDate "2021.10.06"]
[SourceQuality "1"]
[WhiteTeam "Koeln Muelheim"]
[BlackTeam "Porz SG V"]
[WhiteTeamCountry "GER"]
[BlackTeamCountry "GER"]

1. d4 Nf6 2. Nc3 d5 3. Bg5 Bf5 4. Bxf6 exf6 5. e3 c6 6. Nf3 Bd6 7. Nh4 Bg6 8. f4 f5 9. g3 Be7 10. Ng2 Nd7 11. Bd3 Nf6 12. 0-0 h5 13. Ne2 Nd7 14. c4 dxc4 15. Bxc4 h4 16. Nc3 hxg3 17. hxg3 Nf6 18. Nh4 Rxh4 19. gxh4 Ng4 20. Qf3 Bxh4 21. d5 Qb6 22. dxc6 0-0-0 23. cxb7+ Kb8 24. Nd5 Qxb2 25. Qg2 Qa3 26. Bb3 Rd7 27. Qc2 Rxb7 28. Rac1 Qf8 29. Nb4 a5 30. Nc6+ Ka8 31. Qc3 Rb5 32. a4 Bf6 33. Nd4 Bxd4 34. exd4 Qh8 35. Rc2 1-0

[Event "Mittelrhein Verbandsliga-M 16/17"]
[Site "Nordrheinwestfalen"]
[Date "2016.10.23"]
[Round "3.1"]
[White "Krug, Kevin"]
[Black "Cordts, Ingo"]
[Result "1/2-1/2"]
[WhiteElo "2157"]
[BlackElo "2257"]
[PlyCount "113"]
[EventDate "2016.09.11"]
[EventType "team-tourn"]
[EventRounds "11"]
[EventCountry "GER"]
[SourceTitle "EXT 2022"]
[Source "ChessBase"]
[SourceDate "2021.10.06"]
[SourceVersion "1"]
[SourceVersionDate "2021.10.06"]
[SourceQuality "1"]
[WhiteTeam "Koeln Muelheim"]
[BlackTeam "Koeln Ford SF"]
[WhiteTeamCountry "GER"]
[BlackTeamCountry "GER"]

1. d4 Nf6 2. Nc3 d5 3. Bg5 Nbd7 4. Qd3 e6 5. e4 dxe4 6. Nxe4 Be7 7. Nxf6+ Bxf6 8. Bxf6 Qxf6 9. Nf3 c5 10. 0-0-0 0-0 11. Qe3 cxd4 12. Rxd4 Qe7 13. Bc4 a6 14. Rhd1 b5 15. Bd5 Ra7 16. Bc6 Nf6 17. Ne5 Rc7 18. R4d3 Ng4 19. Nxg4 Rxc6 20. Ne5 Rc5 21. Nd7 Bxd7 22. Rxd7 Qg5 23. Qxg5 Rxg5 24. g3 b4 25. Ra7 a5 26. Rdd7 Rf5 27. f4 g5 28. Rd4 Rc8 29. Rad7 gxf4 30. Rxf4 Rxf4 31. gxf4 Rc5 32. Ra7 Rh5 33. a3 bxa3 34. bxa3 Kg7 35. Kb2 Rf5 36. Kb3 Rxf4 37. Rxa5 f5 38. Re5 Kf6 39. Re2 e5 40. a4 Rd4 41. c3 Rd7 42. a5 f4 43. a6 f3 44. Re3 e4 45. Rxe4 Kf5 46. Re1 Kf4 47. Ra1 Ra7 48. Kb4 f2 49. c4 Ke3 50. Kb5 Rg7 51. Rf1 Rg1 52. Rxf2 Kxf2 53. a7 Ra1 54. Kb6 Rb1+ 55. Kc7 Ra1 56. Kb7 Rb1+ 57. Kc7 1/2-1/2

[Event "Mittelrhein-chT 1112"]
[Site "Germany"]
[Date "2012.04.15"]
[Round "11.1"]
[White "Krug, Kevin"]
[Black "Haag, Martin"]
[Result "1/2-1/2"]
[WhiteElo "2184"]
[BlackElo "2255"]
[PlyCount "56"]
[EventDate "2011.09.11"]
[EventType "team-tourn"]
[EventRounds "13"]
[EventCountry "GER"]
[SourceTitle "EXT 2013"]
[Source "ChessBase"]
[SourceDate "2012.11.22"]
[SourceVersion "1"]
[SourceVersionDate "2012.11.22"]
[SourceQuality "1"]
[WhiteTeam "Koeln Muelheim"]
[BlackTeam "Bonn Beuel"]
[WhiteTeamCountry "GER"]
[BlackTeamCountry "GER"]

1. d4 d5 2. Nc3 Nf6 3. Bg5 Bf5 4. f3 Nbd7 5. Nxd5 Nxd5 6. e4 h6 7. Bh4 c6 8. Qd2 Qb6 9. 0-0-0 Bh7 10. exd5 cxd5 11. Bd3 Bxd3 12. Qxd3 e6 13. f4 Bd6 14. Ne2 0-0 15. g4 Rfe8 16. g5 Qc7 17. Rdf1 h5 18. g6 f6 19. Qf3 Rac8 20. Nc3 Qc4 21. Qxh5 Nf8 22. Bxf6 Ba3 23. Rf3 Bxb2+ 24. Kd1 gxf6 25. g7 Nh7 26. Rh3 Qxd4+ 27. Ke2 Qc4+ 28. Kd1 Qd4+ 1/2-1/2

[Event "Mittelrhein-chT 1112"]
[Site "Germany"]
[Date "2011.12.18"]
[Round "6.1"]
[White "Spilles, Matthias"]
[Black "Krug, Kevin"]
[Result "1-0"]
[WhiteElo "1861"]
[BlackElo "2184"]
[PlyCount "49"]
[EventDate "2011.09.11"]
[EventType "team-tourn"]
[EventRounds "13"]
[EventCountry "GER"]
[SourceTitle "EXT 2013"]
[Source "ChessBase"]
[SourceDate "2012.11.22"]
[SourceVersion "1"]
[SourceVersionDate "2012.11.22"]
[SourceQuality "1"]
[WhiteTeam "Bruehl II"]
[BlackTeam "Koeln Muelheim"]
[WhiteTeamCountry "GER"]
[BlackTeamCountry "GER"]

1. e4 c6 2. d4 d5 3. Nc3 dxe4 4. Nxe4 Nd7 5. Nf3 Ngf6 6. Ng3 e6 7. Bd3 c5 8. 0-0 cxd4 9. Nxd4 Bc5 10. Nb3 Be7 11. Re1 0-0 12. Qf3 Re8 13. a4 Bd6 14. Nh5 Nxh5 15. Qxh5 Nf8 16. Bg5 Be7 17. Bf4 Bf6 18. Rad1 Bd7 19. Nc5 g6 20. Qf3 Bc6 21. Be4 Qb6 22. Be3 Qxb2 23. Rb1 Qc3 24. Bxc6 bxc6 25. Ne4 1-0

[Event "Regionalliga Mittelrhein 1011"]
[Site "Germany"]
[Date "2011.04.10"]
[Round "8.1"]
[White "Krug, Kevin"]
[Black "Haag, Martin"]
[Result "1-0"]
[WhiteElo "2182"]
[BlackElo "2242"]
[PlyCount "55"]
[EventDate "2010.10.24"]
[EventType "team"]
[EventRounds "9"]
[EventCountry "GER"]
[SourceTitle "EXT 2015"]
[Source "ChessBase"]
[SourceDate "2014.11.20"]
[SourceVersion "1"]
[SourceVersionDate "2014.11.20"]
[SourceQuality "1"]
[WhiteTeam "Koeln Muelheim"]
[BlackTeam "Bonn Beuel"]
[WhiteTeamCountry "GER"]
[BlackTeamCountry "GER"]

1. d4 d5 2. Nc3 Nf6 3. Bg5 c6 4. f3 Qb6 5. e4 Qxb2 6. Nge2 e6 7. Rb1 Qa3 8. e5 Ng8 9. Bd2 Qe7 10. Nf4 f5 11. Bd3 Qf7 12. g4 Nh6 13. 0-0 Be7 14. Nh5 0-0 15. Bxh6 gxh6 16. f4 Kh8 17. Kh1 Rg8 18. Rg1 b6 19. Qf3 fxg4 20. Rxg4 Rxg4 21. Qxg4 Ba6 22. Rg1 Bxd3 23. cxd3 Na6 24. Qg7+ Qxg7 25. Rxg7 Re8 26. Nd1 Nb4 27. Nf2 Bh4 28. Rxa7 1-0

[Event "GER-chT Lands U20"]
[Site "Dresden"]
[Date "2008.11.14"]
[Round "2.4"]
[White "Krug, Kevin"]
[Black "Giss, Helene"]
[Result "1/2-1/2"]
[WhiteElo "2195"]
[BlackElo "2012"]
[PlyCount "77"]
[EventDate "2008.11.14"]
[EventType "team-swiss"]
[EventRounds "7"]
[EventCountry "GER"]
[SourceTitle "EXT 2010"]
[Source "ChessBase"]
[SourceDate "2010.11.25"]
[SourceVersion "1"]
[SourceVersionDate "2010.11.25"]
[SourceQuality "1"]
[WhiteTeam "Nordrhein Westfalen"]
[BlackTeam "Bayern Muenchen"]
[WhiteTeamCountry "GER"]
[BlackTeamCountry "GER"]

1. d4 e6 2. c4 Nf6 3. Nc3 d5 4. cxd5 exd5 5. Bg5 c6 6. Qc2 Be7 7. e3 Nbd7 8. Bd3 0-0 9. Nf3 Re8 10. 0-0 Nf8 11. h3 g6 12. Rab1 Ne6 13. Bxf6 Bxf6 14. b4 a6 15. a4 Qd6 16. b5 axb5 17. axb5 c5 18. dxc5 Nxc5 19. Rbd1 Be6 20. Bc4 Bxc3 21. Qxc3 Ne4 22. Qb2 Qc5 23. Be2 Qc3 24. Qb1 Qa5 25. Rc1 Rec8 26. Nd4 Nd2 27. Qb2 Nxf1 28. Nxe6 fxe6 29. Qf6 Qb6 30. Bg4 Re8 31. Rxf1 Qd6 32. Rd1 Rad8 33. Bf3 Qe7 34. Qd4 Rc8 35. e4 Qc5 36. Qf6 Qe7 37. Qd4 Qc5 38. Qf6 Qe7 39. Qd4 1/2-1/2

[Event "Cologne-ch 55th"]
[Site "Cologne"]
[Date "2008.03.15"]
[Round "7"]
[White "Krug, Kevin"]
[Black "Werner, Michael"]
[Result "1-0"]
[WhiteElo "2177"]
[BlackElo "2084"]
[PlyCount "101"]
[EventDate "2008.01.29"]
[EventType "swiss"]
[EventRounds "7"]
[EventCountry "GER"]
[SourceTitle "EXT 2010"]
[Source "ChessBase"]
[SourceDate "2010.11.25"]
[SourceVersion "1"]
[SourceVersionDate "2010.11.25"]
[SourceQuality "1"]

1. d4 Nf6 2. c4 g6 3. Nc3 Bg7 4. g3 0-0 5. Bg2 d6 6. e3 Nbd7 7. Nge2 e5 8. b3 Re8 9. h3 c6 10. a4 a5 11. Ra2 Qc7 12. Ba3 Bf8 13. 0-0 Nb8 14. d5 c5 15. e4 Na6 16. f4 Nd7 17. f5 Nb4 18. Ra1 Qd8 19. Bc1 Be7 20. Nb5 Na6 21. Be3 b6 22. Qd2 Nc7 23. Nxc7 Qxc7 24. Rf2 Qd8 25. Raf1 f6 26. fxg6 hxg6 27. h4 Nf8 28. Bh6 Nh7 29. Kh2 Bg4 30. Bf3 Qd7 31. Bxg4 Qxg4 32. Nc3 g5 33. Qe2 Qxe2 34. Rxe2 Bf8 35. Bxf8 Rxf8 36. Ref2 Rad8 37. Kh3 Rd7 38. h5 Kg7 39. Kg4 Rff7 40. Nd1 Nf8 41. Ne3 Nh7 42. Nf5+ Kf8 43. Nh6 Rg7 44. Rxf6+ Nxf6+ 45. Rxf6+ Ke7 46. Re6+ Kd8 47. Nf5 Rg8 48. Rg6 Rxg6 49. hxg6 Ke8 50. Kxg5 Kf8 51. Kf6 1-0

[Event "Cologne-ch 55th"]
[Site "Cologne"]
[Date "2008.03.04"]
[Round "5"]
[White "Krug, Kevin"]
[Black "Michalczak, Thomas"]
[Result "0-1"]
[WhiteElo "2177"]
[BlackElo "2340"]
[PlyCount "44"]
[EventDate "2008.01.29"]
[EventType "swiss"]
[EventRounds "7"]
[EventCountry "GER"]
[SourceTitle "EXT 2010"]
[Source "ChessBase"]
[SourceDate "2010.11.25"]
[SourceVersion "1"]
[SourceVersionDate "2010.11.25"]
[SourceQuality "1"]

1. c4 e6 2. Nc3 d5 3. d4 Nf6 4. cxd5 exd5 5. Bg5 Nbd7 6. e3 c6 7. Bd3 Be7 8. Qc2 Nh5 9. Bxe7 Qxe7 10. Nge2 g6 11. 0-0-0 Nb6 12. Kb1 Be6 13. Rc1 Ng7 14. Ng3 Qh4 15. Nce2 0-0 16. Ng1 Nc4 17. Nf3 Qe7 18. h4 h5 19. Ng5 b5 20. Bxg6 fxg6 21. Qxg6 Rxf2 22. Rhf1 Rxb2+ 0-1

[Event "Cologne-ch 55th"]
[Site "Cologne"]
[Date "2008.02.27"]
[Round "4"]
[White "Hirth, Ulrich"]
[Black "Krug, Kevin"]
[Result "1/2-1/2"]
[WhiteElo "2170"]
[BlackElo "2177"]
[PlyCount "155"]
[EventDate "2008.01.29"]
[EventType "swiss"]
[EventRounds "7"]
[EventCountry "GER"]
[SourceTitle "EXT 2010"]
[Source "ChessBase"]
[SourceDate "2010.11.25"]
[SourceVersion "1"]
[SourceVersionDate "2010.11.25"]
[SourceQuality "1"]

1. d4 d5 2. c4 c6 3. e3 Nf6 4. Nc3 a6 5. a4 e6 6. Nf3 Nbd7 7. Bd3 Bd6 8. e4 dxe4 9. Nxe4 Nxe4 10. Bxe4 Bb4+ 11. Bd2 Qa5 12. 0-0 Bxd2 13. Qxd2 Qxd2 14. Nxd2 a5 15. c5 0-0 16. Nc4 Rd8 17. Rfd1 Nf6 18. Bf3 Bd7 19. Rab1 Ne8 20. b4 axb4 21. Rxb4 Ra7 22. Rdb1 Bc8 23. Nb6 Bd7 24. Kf1 g6 25. Ke2 Nf6 26. Ke3 Nd5+ 27. Bxd5 cxd5 28. Ra1 Bc6 29. Kd3 Ra5 30. Re1 Re8 31. f4 f6 32. Re2 Kf7 33. Rf2 Kg7 34. Re2 Kf7 35. Kc3 Ra6 36. Kb3 Ra5 37. Ka3 e5 38. fxe5 fxe5 39. Rb1 exd4 40. Rxe8 Bxe8 41. Kb4 Ra6 42. Rd1 Bc6 43. Rxd4 Ke6 44. Rh4 h5 45. g4 hxg4 46. Rxg4 Kf5 47. h3 g5 48. Kc3 Ra5 49. Kd4 Bxa4 50. Nxd5 Bc6 51. Ne7+ Kf6 52. Nxc6 bxc6 53. Rg3 Ra4+ 54. Ke3 Rc4 55. Rf3+ Ke6 56. Kd3 Rxc5 57. Kd4 Rf5 58. Re3+ Kd6 59. Rg3 c5+ 60. Kc4 Ke5 61. Kd3 Kf6 62. Kc4 Kg6 63. Re3 Kh5 64. Re8 Kh4 65. Rh8+ Kg3 66. Rh7 Rf4+ 67. Kxc5 Rh4 68. Rg7 Rh5 69. Kd4 Kxh3 70. Ke3 g4 71. Kf2 Rf5+ 72. Kg1 Kg3 73. Ra7 Rf3 74. Ra1 Rb3 75. Rc1 Kh3 76. Ra1 Rg3+ 77. Kh1 Rf3 78. Kg1 1/2-1/2

[Event "Cologne-ch 55th"]
[Site "Cologne"]
[Date "2008.02.21"]
[Round "2"]
[White "Krug, Kevin"]
[Black "Dombrowski, Walter"]
[Result "1-0"]
[WhiteElo "2177"]
[BlackElo "2022"]
[PlyCount "37"]
[EventDate "2008.01.29"]
[EventType "swiss"]
[EventRounds "7"]
[EventCountry "GER"]
[SourceTitle "EXT 2010"]
[Source "ChessBase"]
[SourceDate "2010.11.25"]
[SourceVersion "1"]
[SourceVersionDate "2010.11.25"]
[SourceQuality "1"]

1. d4 Nf6 2. c4 e6 3. Nc3 d5 4. cxd5 exd5 5. Bg5 Be7 6. e3 Bf5 7. Bxf6 Bxf6 8. Qb3 Be6 9. Qxb7 Nd7 10. Nxd5 Rb8 11. Nxc7+ Ke7 12. Qxa7 Kf8 13. Nxe6+ fxe6 14. Ne2 e5 15. Rd1 Ra8 16. Qb7 Be7 17. dxe5 Qa5+ 18. Nc3 Nxe5 19. Rd5 1-0

[Event "GER-chT U20"]
[Site "Kelheim"]
[Date "2007.12.27"]
[Round "2.1"]
[White "Krug, Kevin"]
[Black "Geske, Julian"]
[Result "0-1"]
[WhiteElo "2196"]
[BlackElo "2122"]
[PlyCount "102"]
[EventDate "2007.12.27"]
[EventType "team-swiss"]
[EventRounds "7"]
[EventCountry "GER"]
[SourceTitle "EXT 2022"]
[Source "ChessBase"]
[SourceDate "2021.10.06"]
[SourceVersion "1"]
[SourceVersionDate "2021.10.06"]
[SourceQuality "1"]
[WhiteTeam "Koeln Muelheim U20"]
[BlackTeam "Hofheim U20"]
[WhiteTeamCountry "GER"]
[BlackTeamCountry "GER"]

1. d4 Nf6 2. c4 g6 3. Nc3 Bg7 4. g3 0-0 5. Bg2 d6 6. e3 Nc6 7. Nge2 Bd7 8. b3 e5 9. h3 Qc8 10. g4 h5 11. g5 Nh7 12. h4 exd4 13. exd4 Re8 14. Be3 Bf5 15. a3 Qd7 16. b4 a6 17. Qd2 Rad8 18. Rc1 f6 19. Nd5 fxg5 20. b5 Ne7 21. hxg5 c6 22. Nxe7+ Rxe7 23. bxc6 bxc6 24. Kf1 Be4 25. Bxe4 Rxe4 26. d5 Rf8 27. Nf4 Qf5 28. dxc6 Be5 29. Ng2 Kg7 30. c7 Rg4 31. Qd5 Nxg5 32. Nh4 Qd7 33. Qb7 Rc8 34. f3 Rxc7 35. Qb1 Qf7 36. Qxg6+ Qxg6 37. Nxg6 Nxf3 38. Nxe5 Nxe5 39. c5 Rf7+ 40. Ke2 Rg2+ 41. Kd1 dxc5 42. Rc3 Rd7+ 43. Ke1 Nf3+ 44. Kf1 Ra2 45. Rc1 Nh2+ 46. Kg1 Nf3+ 47. Kf1 Rf7 48. Rxh5 Kg6 49. Rh6+ Kg7 50. Rh5 Nd4+ 51. Ke1 Re2+ 0-1

[Event "Apolda op 16th"]
[Site "Apolda"]
[Date "2007.08.23"]
[Round "1"]
[White "Krug, Kevin"]
[Black "Hoffmann, Paul"]
[Result "0-1"]
[WhiteElo "2177"]
[BlackElo "2309"]
[PlyCount "66"]
[EventDate "2007.08.23"]
[EventType "swiss"]
[EventRounds "7"]
[EventCountry "GER"]
[SourceTitle "CBM 120 Extra"]
[Source "ChessBase"]
[SourceDate "2007.11.01"]
[SourceVersion "1"]
[SourceVersionDate "2007.11.01"]
[SourceQuality "1"]

1. e4 d5 2. Nc3 d4 3. Nce2 c5 4. d3 e5 5. g3 Nc6 6. f4 exf4 7. Nxf4 Nf6 8. Be2 Bd6 9. Ngh3 Qc7 10. Nf2 Ne5 11. c4 Ng6 12. Nh5 Nxh5 13. Bxh5 0-0 14. Bg4 f5 15. exf5 Bxf5 16. Bxf5 Rxf5 17. Qg4 Re8+ 18. Ne4 Rf7 19. Kd1 Ne5 20. Qe2 Qc6 21. Re1 Rf3 22. Nxd6 Qxd6 23. Bf4 Qc6 24. Kc2 Re3 25. Bxe3 Nf3 26. Rf1 Rxe3 27. Qf2 Qe8 28. Kc1 Ne1 29. Kb1 Nxd3 30. Qd2 Nb4 31. b3 Qe4+ 32. Kb2 Re2 33. Rf2 Rxf2 0-1

[Event "GER-chT U20"]
[Site "Kelbra"]
[Date "2006.12.27"]
[Round "1.1"]
[White "Krug, Kevin"]
[Black "Meier, Georg"]
[Result "0-1"]
[WhiteElo "2168"]
[BlackElo "2484"]
[PlyCount "36"]
[EventDate "2006.12.27"]
[EventType "team-swiss"]
[EventRounds "7"]
[EventCountry "GER"]
[SourceTitle "EXT 2008"]
[Source "ChessBase"]
[SourceDate "2007.11.25"]
[SourceVersion "1"]
[SourceVersionDate "2007.11.25"]
[SourceQuality "1"]
[WhiteTeam "Koeln Muelheim U20"]
[BlackTeam "Eppingen U20"]
[WhiteTeamCountry "GER"]
[BlackTeamCountry "GER"]

1. d4 Nf6 2. c4 e6 3. Nc3 Bb4 4. Qc2 c5 5. dxc5 Na6 6. Bf4 Nxc5 7. a3 Bxc3+ 8. Qxc3 0-0 9. e3 b6 10. Be2 d5 11. Rd1 Bd7 12. Nf3 Ba4 13. Rb1 Nfe4 14. Qe5 f6 15. Qh5 e5 16. Bg3 Bc2 17. Rc1 Nd3+ 18. Bxd3 Bxd3 0-1

[Event "GER-ch U18"]
[Site "Willingen"]
[Date "2006.06.08"]
[Round "8"]
[White "Siebarth, Raiko"]
[Black "Krug, Kevin"]
[Result "1-0"]
[WhiteElo "2185"]
[BlackElo "2114"]
[PlyCount "69"]
[EventDate "2006.06.03"]
[EventType "swiss"]
[EventRounds "9"]
[EventCountry "GER"]
[SourceTitle "EXT 2007"]
[Source "ChessBase"]
[SourceDate "2006.11.23"]
[SourceVersion "1"]
[SourceVersionDate "2006.11.23"]
[SourceQuality "1"]

1. e4 c6 2. Nc3 d5 3. f4 dxe4 4. Nxe4 Nd7 5. Nf3 Ngf6 6. Nf2 g6 7. b3 Bg7 8. Bb2 0-0 9. Qe2 Qc7 10. g3 b6 11. Bg2 Bb7 12. 0-0 c5 13. Rae1 Rfe8 14. Nd3 e6 15. Nde5 Re7 16. Ng5 Rae8 17. Nc4 Bxg2 18. Qxg2 Rd8 19. Ne5 Nd5 20. Nexf7 Rxf7 21. Bxg7 Rxg7 22. Nxe6 Qd6 23. Nxd8 Nf8 24. Nc6 Qxc6 25. Re5 Nb4 26. Qe2 Rf7 27. c3 Nd5 28. Qe4 Rd7 29. f5 Qd6 30. fxg6 Nxg6 31. Re6 Qc7 32. Rxg6+ hxg6 33. Qxg6+ Rg7 34. Qe8+ Kh7 35. Qh5+ 1-0

[Event "GER-chT U20"]
[Site "Berlin"]
[Date "2005.12.29"]
[Round "6.2"]
[White "Borel, Markus"]
[Black "Krug, Kevin"]
[Result "1/2-1/2"]
[WhiteElo "1965"]
[BlackElo "2111"]
[PlyCount "96"]
[EventDate "2005.12.27"]
[EventType "team-swiss"]
[EventRounds "7"]
[EventCountry "GER"]
[SourceTitle "EXT 2022"]
[Source "ChessBase"]
[SourceDate "2021.10.06"]
[SourceVersion "1"]
[SourceVersionDate "2021.10.06"]
[SourceQuality "1"]
[WhiteTeam "Grossenseebach U20"]
[BlackTeam "Koeln Muelheim U20"]
[WhiteTeamCountry "GER"]
[BlackTeamCountry "GER"]

1. e4 Nc6 2. Nf3 d5 3. exd5 Qxd5 4. Nc3 Qa5 5. Bb5 Bd7 6. 0-0 Nf6 7. d4 e6 8. a3 a6 9. Bc4 Bd6 10. d5 exd5 11. Re1+ Ne7 12. Nxd5 Nfxd5 13. Bxd5 0-0-0 14. Bxf7 Rhf8 15. Bd2 Qf5 16. Bc4 Kb8 17. Qe2 Bc6 18. Ng5 Rf6 19. Bd3 Qd5 20. Ne4 Re6 21. f3 Nf5 22. Qf1 Be5 23. Kh1 Bb5 24. Bxb5 axb5 25. Bg5 Rde8 26. Rad1 Qc6 27. c3 h6 28. Bc1 g5 29. Rd3 b6 30. Be3 Bf4 31. Bf2 g4 32. Red1 gxf3 33. gxf3 Kb7 34. Rd5 Nd6 35. Nxd6+ Rxd6 36. Qd3 Rxd5 37. Qxd5 Qxd5 38. Rxd5 Re2 39. Bg3 Bxg3 40. hxg3 Rxb2 41. f4 Rb3 42. Kg2 c5 43. f5 Rxa3 44. f6 Ra8 45. Rh5 b4 46. cxb4 cxb4 47. Rxh6 b3 48. Rh1 Rf8 1/2-1/2

[Event "NRW U18 op"]
[Site "Olpe"]
[Date "2005.10.03"]
[Round "5.4"]
[White "Krug, Kevin"]
[Black "Grewe, Markus"]
[Result "1-0"]
[WhiteElo "2098"]
[BlackElo "1742"]
[PlyCount "115"]
[EventDate "2005.10.01"]
[EventType "swiss"]
[EventRounds "7"]
[EventCountry "GER"]
[SourceTitle "CBM 108 Extra"]
[Source "ChessBase"]
[SourceDate "2005.11.04"]
[SourceVersion "1"]
[SourceVersionDate "2005.11.04"]
[SourceQuality "1"]

1. e4 c5 2. Nf3 Nc6 3. Bb5 g6 4. 0-0 Bg7 5. c3 e6 6. d4 cxd4 7. cxd4 d5 8. e5 Nge7 9. Bg5 Bd7 10. Nc3 a6 11. Bxc6 Bxc6 12. Qd2 Qd7 13. Rfe1 h5 14. Rac1 Nf5 15. Nh4 Nh6 16. Bf6 Bxf6 17. exf6 Qd6 18. h3 Nf5 19. Nxf5 gxf5 20. Qg5 0-0-0 21. Na4 Qb4 22. Nc5 Qxd4 23. Red1 Qxb2 24. Nxa6 Qxa2 25. Nb4 Qa4 26. Nxc6 bxc6 27. Ra1 Qe4 28. Qg3 Rhg8 29. Ra8+ Kb7 30. Qb3+ Kc7 31. Ra7+ Kd6 32. f3 Qe2 33. Qb4+ c5 34. Qb6+ Ke5 35. Qc7+ Rd6 36. f4+ Ke4 37. Ra4+ d4 38. Qb7+ Rd5 39. Qb1+ Ke3 40. Qc1+ Ke4 41. Qb1+ Kxf4 42. Rf1+ Ke5 43. Rf2 Qe3 44. Qb2 Kxf6 45. Ra3 Qe1+ 46. Rf1 Qe4 47. Qd2 Re5 48. Qh6+ Rg6 49. Qh8+ Kg5 50. Rg3+ Kh4 51. Rxg6 fxg6 52. Qf6+ g5 53. Kh2 f4 54. Qd8 d3 55. Rf3 Qe1 56. Qxd3 Qg3+ 57. Rxg3 fxg3+ 58. Qxg3# 1-0

[Event "NRW U18 op"]
[Site "Olpe"]
[Date "2005.10.02"]
[Round "3.7"]
[White "Krug, Kevin"]
[Black "Iseringhausen, Martin"]
[Result "1-0"]
[WhiteElo "2098"]
[BlackElo "1601"]
[PlyCount "77"]
[EventDate "2005.10.01"]
[EventType "swiss"]
[EventRounds "7"]
[EventCountry "GER"]
[SourceTitle "CBM 108 Extra"]
[Source "ChessBase"]
[SourceDate "2005.11.04"]
[SourceVersion "1"]
[SourceVersionDate "2005.11.04"]
[SourceQuality "1"]

1. e4 e6 2. d4 d5 3. Nc3 Nf6 4. Bg5 Be7 5. e5 Nfd7 6. h4 Bxg5 7. hxg5 Qxg5 8. Qd3 Qg6 9. Qxg6 fxg6 10. Bd3 a6 11. Bxg6+ Ke7 12. Rxh7 Rxh7 13. Bxh7 c5 14. Nce2 Nc6 15. c3 b5 16. f4 cxd4 17. cxd4 Nb6 18. b3 Nb4 19. Nf3 Bd7 20. a3 Nc6 21. Bd3 Rh8 22. Kf2 Na7 23. Ng3 a5 24. Rc1 Rc8 25. Rxc8 Bxc8 26. Ke3 a4 27. bxa4 bxa4 28. Nd2 Nc6 29. Ne2 Na5 30. Nc3 Bd7 31. g4 Nac4+ 32. Nxc4 Nxc4+ 33. Bxc4 dxc4 34. d5 exd5 35. Nxd5+ Kf7 36. f5 Bc6 37. e6+ Ke8 38. Nc3 Ke7 39. Kd4 1-0